Elementary Geometry
Αποθηκεύτηκε σε:
| Κύριος συγγραφέας: | |
|---|---|
| Μορφή: | Βιβλίο |
| Γλώσσα: | English |
| Δημοσίευση: |
Oxford :
Oxford University Press,
1994
|
| Θέματα: | |
| Ετικέτες: |
Προσθήκη ετικέτας
Δεν υπάρχουν, Καταχωρήστε ετικέτα πρώτοι!
|
MARC
| LEADER | 00000nam a2200000 i 4500 | ||
|---|---|---|---|
| 001 | 1/40992 | ||
| 008 | 950220s1994 eng d | ||
| 020 | |a 0-19-853456-6 (pbk.) | ||
| 035 | |a 1995 |c ΧΑΡΑΛΑΜΠΟΥΣ |l 10041388 | ||
| 040 | |a GR-MY-UA |b gre |e aacr | ||
| 041 | 0 | |a eng | |
| 082 | 0 | |a 516.2 | |
| 100 | 1 | |a Roe, John |d 1959- | |
| 245 | 1 | 0 | |a Elementary Geometry / |c John Roe |
| 260 | |a Oxford : |b Oxford University Press, |c 1994 | ||
| 300 | |a 307 p.; |c 24 cm. | ||
| 650 | 0 | 0 | |a Geometry. |
| 852 | |a INST |b CHIOS |e 20050303 |h 516.2 ROE |p 005200022486 |q 005200022486 |t BK |y 0 | ||
| 852 | |a INST |b SAMOS |e 19950220 |h 516.2 ROE |p 005300006289 |q 005300006289 |t BK |y 0 | ||
| 901 | |a BIBL2-2005-1 | ||
| 909 | |a Σ |b 038074 | ||
| 909 | |a Χ |b 112453 | ||
| 920 | |a ΔΙΕΥΡΥΝΣΗ |b ΕΠΕΑΕΚ-ΤΜΟΔ |y ΧΙΟΣ |z 2004-12 | ||